Reasoning and Writing Well: A Rhetoric, Research Guide, Reader and Handbook (Record no. 5935)

MARC details
005 - DATE AND TIME OF LATEST TRANSACTION
control field 20250628095311.0
020 ## - INTERNATIONAL STANDARD BOOK NUMBER
International Standard Book Number 0-07-294778-0
100 ## - MAIN ENTRY--PERSONAL NAME
Author name DIETSCH, B.M
245 ## - TITLE STATEMENT
Title Reasoning and Writing Well: A Rhetoric, Research Guide, Reader and Handbook
250 ## - EDITION STATEMENT
Edition statement 3rd Ed.
260 ## - PUBLICATION, DISTRIBUTION, ETC.
Place of publication, distribution, etc. New Delhi
Name of publisher, distributor, etc. McGraw-Hill
Date of publication, distribution, etc. 2003
300 ## - PHYSICAL DESCRIPTION
Extent xlvii, I-11p.: ill; tables
Other physical details Index
Dimensions 23cm
942 ## - ADDED ENTRY ELEMENTS (KOHA)
Source of classification or shelving scheme Dewey Decimal Classification
Koha item type Books
Holdings
Date last seen Total checkouts Full call number Barcode Cost, replacement price Price effective from Koha item type Lost status Source of classification or shelving scheme Damaged status Not for loan Withdrawn status Home library Current library Shelving location Date acquired Source of acquisition Cost, normal purchase price
06/28/2025   808.042 DIE MBY000724 75000.00 06/28/2025 Books   Dewey Decimal Classification       CBE MBEYA CBE MBEYA General Collection 04/17/2007 PURCHASE 25000.00
06/28/2025   808.042 DIE MBY000725 75000.00 06/28/2025 Books   Dewey Decimal Classification       CBE MBEYA CBE MBEYA General Collection 04/17/2007 PURCHASE 25000.00